Výpočty v ekonomice a řízení průmyslového podniku

Uložené v:
Podrobná bibliografia
Hlavný autor: Synek, Miloslav, 1935-
Médium: Kniha
Jazyk:Undetermined
Vydavateľské údaje: Praha SNTL 1984
On-line prístup:View in OPAC
Tagy: Pridať tag
Žiadne tagy, Buďte prvý, kto otaguje tento záznam!

MARC

LEADER 00000nam a2200000 a 4500
005 20260127134104.0
008 970203s1984 xx 0 und c
035 |a vtls001274262 
035 |a SNK000225443 
039 9 |a 200809101022  |b mschk03  |y 200412271222  |z VLOAD 
040 |a SNK  |b slo  |c SNK  |e AACR2  |d STUSCHK1 
100 1 |a Synek, Miloslav,  |d 1935-  |9 788 
245 1 |a Výpočty v ekonomice a řízení průmyslového podniku 
260 |a Praha  |b SNTL  |c 1984 
300 |a 253 s. 
910 |a SCHK95 
999 |c 3824  |d 3824